Zarzadzanie teoria i praktyka

Na minha lista:
Detalhes bibliográficos
Outros Autores: Kozminski, Andrzej K., Piotrowski, Wlodzimierz
Formato: Livro
Idioma:polonês
Publicado em: Warszawa Wydawnictwo Naukowe PWN 1999
Edição:4. wyd. popr. i rozs.
Assuntos:
Tags: Adicionar Tag
Sem tags, seja o primeiro a adicionar uma tag!

MARC

LEADER 00000nam a2200000 4500
001 c122049
005 20221221084014.3
020 |a 83-01-12705-8 
041 0 |a pol 
044 |a PL 
245 1 0 |a Zarzadzanie  |b teoria i praktyka  |c redakcja naukowa: Andrzej K. Kozminski, Wlodzimierz Piotrowski 
250 |a 4. wyd. popr. i rozs. 
264 1 |a Warszawa  |b Wydawnictwo Naukowe PWN  |c 1999 
300 |a 795 s. 
610 2 0 |a organizácie 
610 2 0 |a riadenie 
610 2 0 |a manažment 
610 2 0 |a manažéri 
610 2 0 |a riadenie strategické 
610 2 0 |a stratégia podniková 
610 2 0 |a plánovanie 
610 2 0 |a kontrola 
610 2 0 |a produkcia 
610 2 0 |a štruktúra organizačná 
610 2 0 |a motivácia pracovná 
610 2 0 |a kultúra podniková 
610 2 0 |a internacionalizácia 
610 2 0 |a firmy 
610 2 0 |a globalizácia 
610 2 0 |a koncepcie 
700 1 |a Kozminski, Andrzej K. 
700 1 |a Piotrowski, Wlodzimierz